000 00447nam a2200145Ia 4500
008 230917s9999||||xx |||||||||||||| ||und||
040 _e169576
_aMAIN
041 _aEnglish
082 _a891.4317109 BD469K:MM
100 _aमलिक, माया
245 0 _aधनुप्रियाः संवेदना और शिल्प
260 _aदिल्ली
_bस्वराज
_c2006
300 _a176 पृ. p.
942 _cHN
999 _c144196
_d144196